Normal view
MARC view
Entry Geographic Name
001 - CONTROL NUMBER
- control field: 7645
003 - CONTROL NUMBER IDENTIFIER
- control field: BD-DhEWU
005 - DATE AND TIME OF LATEST TRANSACTION
- control field: 20140427161630.0
008 - FIXED-LENGTH DATA ELEMENTS
- fixed length control field: 140427|| aca||aabn | a|a d
040 ## - CATALOGING SOURCE
- Original cataloging agency: BD-DhEWU
- Transcribing agency: BD-DhEWU
151 ## - HEADING--GEOGRAPHIC NAME
- Geographic name: Developing countries
- Form subdivision: Periodicals.
670 ## - SOURCE DATA FOUND
- Source citation: Work cat.: (BD-DhEWU)0: Journal of health, population, and nutrition., ©2000-